| 000 | 00561nam a22001697a 4500 | ||
|---|---|---|---|
| 005 | 20231110061711.0 | ||
| 008 | 231110b |||||||| |||| 00| 0 eng d | ||
| 020 | _a062111359 X | ||
| 041 | _aAfrikaans | ||
| 082 | _a346.1 SOU | ||
| 100 | _lAfrikaans | ||
| 245 |
_aSuid-Afrikaanse Regskommissie : _bVerslag oor die instelling van 'n legitieme porsie of die verlening van 'n reg op onderhoud aan 'n langslewende gade |
||
| 260 | _c1987 | ||
| 300 |
_bxi, 46 pages ; _c26 cm. |
||
| 650 |
_aLegal practice _bLaw |
||
| 942 |
_cBK _6ALISON_BN_VRIES |
||
| 999 |
_c503 _d503 |
||